Devinez le Pays Mystère #153 - Statistiques

Statistiques générales
  • Ce quiz a été pris 222 fois
  • Le résultat moyen est 20 sur 23
Statistiques - réponses
Type de Réponse Réponse % Correct
Lettre Trouvée I
100%
Lettre Trouvée S
100%
Lettre Bien Placée S
97%
Lettre Trouvée N
95%
Lettre Bien Placée A
92%
Lettre Trouvée A
92%
Lettre Bien Placée I
92%
Lettre Bien Placée N
92%
Lettre Bien Placée T
92%
Lettre Trouvée T
92%
Lettre Trouvée A
90%
Lettre Bien Placée K
87%
Lettre Trouvée K
87%
Lettre Bien Placée I
83%
Lettre Trouvée I
83%
Lettre Trouvée D
82%
Lettre Trouvée J
82%
Lettre Bien Placée A
80%
Lettre Bien Placée D
80%
Lettre Bien Placée J
80%
Lettre Bien Placée T
80%
Lettre Trouvée T
80%
Pays Mystère Tadjikistan
80%
Aucun quiz correspondant
Distribution des résultats
% des personnes avec chaque résultat
Percentile par nombre de réponses
Votre historique - résultats
Vous n’avez pas pris ce quiz